| 000 | 00674nam a2200193 i 4500 | ||
|---|---|---|---|
| 001 | 55275 | ||
| 003 | ES-MaACL | ||
| 005 | 20230906163119.0 | ||
| 007 | t| | ||
| 008 | 030917s1968 gw ||||1| spa d | ||
| 245 | 0 | 3 |
_aLa democaracia cristiana ante el futuro de Hispanoamérica / _cDecamilli ... [et al.]. |
| 260 |
_aBerlín : _bCírculo Cultural Germano-Iberoamericano, _c[1968] |
||
| 300 |
_a196 p. ; _c17 cm. |
||
| 490 | 1 |
_aCuadernos de Estudios de Problemas le Latinoamérica ; _v2 |
|
| 700 | 1 |
_aDecamilli. _943148 |
|
| 830 | 0 |
_aCuadernos de Estudios de Problemas le Latinoamérica ; _v2 _9230325 |
|
| 852 |
_aES-MaACL _jC-34894 _bR.67451 |
||
| 999 |
_c55275 _d55275 |
||